| 000 | 01860nam a2200529 i 4500 | ||
|---|---|---|---|
| 001 | 5951 | ||
| 003 | KOSZ 005 | ||
| 005 | 20190924124900.0 | ||
| 008 | 970510s1993 pl a f |000 0 pol | ||
| 015 | _aPB 1993/5513 | ||
| 020 | _a8323205930 | ||
| 035 | _a991000983089705066 | ||
| 035 | _a(PL-WaBN)b10298733-48omnis_nlop | ||
| 035 | _ab10298733 | ||
| 035 | _a(OCoLC)749505012 | ||
| 035 | _a(PL)b0000001029873 | ||
| 035 | _a(EXLNZ-48OMNIS_NETWORK)9910189577005606 | ||
| 040 |
_aWA N _cWA N _dKOSZ 005/EG |
||
| 041 | 0 |
_apol _beng |
|
| 080 | _a504.2/.5 | ||
| 080 | _a556.3 | ||
| 080 | _a(438) | ||
| 100 | 1 |
_aBłaszyk, Tadeusz _d(1923-1998) _eAutor |
|
| 245 | 1 | 0 |
_aZanieczyszczenie, zagrożenie i ochrona wód podziemnych w Polsce / _cTadeusz Błaszyk, Józef Górski. |
| 260 |
_aPoznań : _bWydaw. Naukowe UAM, _c1993. |
||
| 300 |
_a72, [2] s. : _bmapy, wykr. ; _c24 cm. |
||
| 336 |
_2rdacontent _aTekst _btxt |
||
| 337 |
_2rdamedia _aBez urządzenia pośredniczącego _bn |
||
| 338 |
_2rdacarrier _aWolumin _bnc |
||
| 380 | _aKsiążki | ||
| 388 | _a1901-2000 | ||
| 388 | _a1989-2000 | ||
| 490 | 1 |
_aGeologia / Uniwersytet im. Adama Mickiewicza w Poznaniu ; _vnr 13 |
|
| 500 | _aNa książce błędny ISSN. | ||
| 504 | _aBibliogr. s. [73]. - Summ. | ||
| 648 | _a1945-1989 | ||
| 650 | 7 |
_aWody podziemne _2DBN |
|
| 650 | 7 |
_aZanieczyszczenia _2DBN |
|
| 651 | _aPolska | ||
| 658 | _aOchrona środowiska | ||
| 700 | 1 |
_aGórski, Józef _d(1947- ) _eAutor |
|
| 710 | 2 |
_aWydawnictwo Naukowe Uniwersytetu im. Adama Mickiewicza (Poznań) _4pbl |
|
| 830 | 0 |
_aGeologia - Uniwersytet im. Adama Mickiewicza w Poznaniu, _vnr 13 |
|
| 856 |
_uhttp://koha.tu.koszalin.pl/cgi-bin/koha/opac-detail.pl?biblionumber=5951 _yKatalog online BPK |
||
| 942 |
_2UKD _cKS |
||
| 999 |
_c5951 _d5951 |
||